| 000 | 00740nam a22002057a 4500 | ||
|---|---|---|---|
| 999 |
_c10419 _d10419 |
||
| 003 | AR-CdUCM | ||
| 008 | 190401b ||||| |||| 00| 0 spa d | ||
| 040 |
_aMUNICIPALIDAD PROVINCIAL DEL CUSCO _cBIBLIOTECA MUNICIPAL DEL CUSCO |
||
| 082 |
_22ed _aEP / 895.1 / _bE24 |
||
| 245 | _aEl caballero Rana / | ||
| 260 |
_aChina : _bEdiciones de lenguas extrajeras, _c1980. |
||
| 300 |
_a133 páginas ; _bIlustraciones, _c20 cm. |
||
| 505 | _aContenido: El caballero rana -- El caballo de madera -- El pincel mágico -- La historia del héroe Chegal... | ||
| 650 |
_aLiteratura china _97278 |
||
| 650 |
_aLiteratura escolar _926679 |
||
| 650 |
_aChina _9843 |
||
| 700 |
_aOrtiz, Pablo (traducción) _927260 |
||
| 942 |
_2ddc _cLIBROS |
||
| 945 | _adavv | ||